| 000 | 00956nam a2200229Ia 4500 | ||
|---|---|---|---|
| 999 |
_c39382 _d39382 |
||
| 001 | 5971 | ||
| 003 | GE_BSU | ||
| 005 | 20191030143858.0 | ||
| 008 | 181216s2012||||ge |||||||||||||| ||geo|| | ||
| 040 | _cGE_BSU | ||
| 041 | _ageo | ||
| 080 | _a616.8(084.4)(075.8) ბ-17 | ||
| 100 |
_aბაზიაშვილი, ვ. _95108 |
||
| 245 |
_aოპერაციული მიდგომები ნეიროქირურგიაში : _bატლასი / _c ვ. ბაზიაშვილი ; რედ. გიორგი ვალიშვილი. |
||
| 264 |
_aთბილისი : _bშ.პ.ს. პიარი, _c2012. |
||
| 300 |
_a94 გვ. ; _b28 სმ. |
||
| 504 | _aბიბლიოგრ.: გვ. 94 | ||
| 653 | _aნეირიქირურგია | ||
| 653 | _aმედიცინა | ||
| 700 |
_aვალიშვილი, გიორგი _eრედაქტორი _95109 |
||
| 942 |
_cBK _2udc |
||